<?xml version="1.0" encoding="UTF-8"?><?xml-stylesheet type="text/xsl" href="static/style.xsl"?><OAI-PMH xmlns="http://www.openarchives.org/OAI/2.0/" xmlns:xsi="http://www.w3.org/2001/XMLSchema-instance" xsi:schemaLocation="http://www.openarchives.org/OAI/2.0/ http://www.openarchives.org/OAI/2.0/OAI-PMH.xsd"><responseDate>2026-04-17T16:48:29Z</responseDate><request verb="GetRecord" identifier="oai:www.recercat.cat:10256/22327" metadataPrefix="marc">https://recercat.cat/oai/request</request><GetRecord><record><header><identifier>oai:recercat.cat:10256/22327</identifier><datestamp>2024-06-18T12:18:52Z</datestamp><setSpec>com_2072_452955</setSpec><setSpec>com_2072_2054</setSpec><setSpec>col_2072_453069</setSpec></header><metadata><record xmlns="http://www.loc.gov/MARC21/slim" xmlns:dcterms="http://purl.org/dc/terms/" xmlns:xsi="http://www.w3.org/2001/XMLSchema-instance" xmlns:doc="http://www.lyncode.com/xoai" xsi:schemaLocation="http://www.loc.gov/MARC21/slim http://www.loc.gov/standards/marcxml/schema/MARC21slim.xsd">
   <leader>00925njm 22002777a 4500</leader>
   <datafield ind2=" " ind1=" " tag="042">
      <subfield code="a">dc</subfield>
   </datafield>
   <datafield ind2=" " ind1=" " tag="720">
      <subfield code="a">Vives Mestres, Marina</subfield>
      <subfield code="e">author</subfield>
   </datafield>
   <datafield ind2=" " ind1=" " tag="720">
      <subfield code="a">Casanova, Amparo</subfield>
      <subfield code="e">author</subfield>
   </datafield>
   <datafield ind2=" " ind1=" " tag="720">
      <subfield code="a">Puig Oriol, Xavier</subfield>
      <subfield code="e">author</subfield>
   </datafield>
   <datafield ind2=" " ind1=" " tag="720">
      <subfield code="a">Ginebra, Josep</subfield>
      <subfield code="e">author</subfield>
   </datafield>
   <datafield ind2=" " ind1=" " tag="720">
      <subfield code="a">Rosen, Noah</subfield>
      <subfield code="e">author</subfield>
   </datafield>
   <datafield ind2=" " ind1=" " tag="260">
      <subfield code="c">2022-12-13</subfield>
   </datafield>
   <datafield ind2=" " ind1=" " tag="520">
      <subfield code="a">Objective&#xd;
To assess whether alcohol intake is associated with the onset of migraine attacks up to 2 days after consumption in individuals with episodic migraine (EM).&#xd;
&#xd;
Background&#xd;
Although alcohol has long been suspected to be a common migraine trigger, studies have been inconclusive in proving this association.&#xd;
&#xd;
Methods&#xd;
This was an observational prospective cohort study among individuals with migraine who registered to use a digital health platform for headache. Eligible individuals were aged ≥18 years with EM who consumed alcohol and had tracked their headache symptoms and alcohol intake for ≥90 days. People who did not drink any alcohol were excluded. The association of alcohol intake (“Yes/No”) and of the number of alcoholic beverages in the 2 days preceding a migraine attack was assessed accounting for the presence of migraine on day-2 and its interaction with alcohol intake on day-2, and further adjusted for sex, age, and average weekly alcohol intake.&#xd;
&#xd;
Results&#xd;
Data on 487 individuals reporting 5913 migraine attacks and a total of 40,165 diary days were included in the analysis. Presence of migraine on day-2 and its interaction with alcohol intake on day-2 were not significant and removed from the model. At the population level, alcohol intake on day-2 was associated with a lower probability of migraine attack (OR [95% CI] = 0.75 [0.68, 0.82]; event rate 1006/4679, 21.5%), while the effect of alcohol intake on day-1 was not significant (OR [95% CI] = 1.01 [0.91, 1.11]; event rate 1163/4679, 24.9%) after adjusting for sex, age, and average weekly alcohol intake. Similar results were obtained with the number of beverages as exposure.&#xd;
&#xd;
Conclusions&#xd;
In this English-speaking cohort of individuals with EM who identified themselves as mostly low-dose alcohol consumers, there was no significant effect on the probability of a migraine attack in the 24 h following consumption, and a slightly lower likelihood of a migraine attack from 24 to 48 h following use</subfield>
   </datafield>
   <datafield ind2=" " ind1=" " tag="520">
      <subfield code="a">Open Access funding provided thanks to the CRUE-CSIC agreement with Wiley</subfield>
   </datafield>
   <datafield ind1="8" ind2=" " tag="024">
      <subfield code="a">http://hdl.handle.net/10256/22327</subfield>
   </datafield>
   <datafield tag="653" ind2=" " ind1=" ">
      <subfield code="a">Consum d'alcohol</subfield>
   </datafield>
   <datafield tag="653" ind2=" " ind1=" ">
      <subfield code="a">Drinking of alcoholic beverages</subfield>
   </datafield>
   <datafield tag="653" ind2=" " ind1=" ">
      <subfield code="a">Migranya -- Mètode longitudinal</subfield>
   </datafield>
   <datafield tag="653" ind2=" " ind1=" ">
      <subfield code="a">Migraine -- Longitudinal method</subfield>
   </datafield>
   <datafield ind2="0" ind1="0" tag="245">
      <subfield code="a">Alcohol as a trigger of migraine attacks in people with migraine. Results from a large prospective cohort study in English-speaking countries</subfield>
   </datafield>
</record></metadata></record></GetRecord></OAI-PMH>